Juegos de empresarios y economistas (Registro nro. 4343)

Detalles MARC
000 -LEADER
fixed length control field 01602 a2200253 4500
001 - CONTROL NUMBER
control field 47344
005 - DATE AND TIME OF LATEST TRANSACTION
control field 20260407155741.0
008 - FIXED-LENGTH DATA ELEMENTS--GENERAL INFORMATION
fixed length control field 260407a1995 arg spa d
003 - CONTROL NUMBER IDENTIFIER
control field AR-UNSa-BCEJYS
040 ## - CATALOGING SOURCE
Original cataloging agency AR-UNSa-BCEJYS
Language of cataloging spa
Transcribing agency AR-UNSa-BCEJYS
080 ## - UNIVERSAL DECIMAL CLASSIFICATION NUMBER
Universal Decimal Classification number 519.83
Common auxiliary subdivision Teoría de juegos
020 ## - INTERNATIONAL STANDARD BOOK NUMBER
International Standard Book Number 84-85855-78-7
041 ## - LANGUAGE CODE
Language code of text/sound track or separate title spa
100 1# - MAIN ENTRY--PERSONAL NAME
Personal name Calvo, Paloma
245 10 - TITLE STATEMENT
Title Juegos de empresarios y economistas
264 #1 - PRODUCTION, PUBLICATION, DISTRIBUTION, MANUFACTURE, AND COPYRIGHT NOTICE
Place of production, publication, distribution, manufacture Barcelona :
Name of producer, publisher, distributor, manufacturer Antoni Bosch
Date of production, publication, distribution, manufacture, or copyright notice 1995
300 ## - PHYSICAL DESCRIPTION
Extent 543 p.
Dimensions 23 cm.
505 ## - FORMATTED CONTENTS NOTE
Formatted contents note Parte I: Teoría básica de los juegos: 1. Una introducción a los juegos y su teoría - 2. Juegos de dos jugadores - 3. Estrategias mixtas y equilibrio en estrategias mixtas - 4. Juegos con n jugadores en forma normal - 5. Juegos no cooperativos de mercado en forma normal -- Parte II: Juegos con estructura secuencial: 6. Credibilidad y equilibrio perfecto en subjuegos - 7. Juegos repetidos - 8. Estabilidad evolutiva y racionalidad acotada -- Parte III: Juegos con información imperfecta: 9. Juegos de señalización y equilibrio secuencial - 10. Juegos entre un principal y un agente - 11. Subastas -- Parte IV: Juegos de negociación: 12. Negociación con dos jugadores - 13. Arbitraje - 14. Negociación entre n personas y el núcleo -- Parte V: Juegos, mercados y política: 15. Mercado a dos bandas y juegos de emparejamiento - 16. Juegos de votación.
590 ## - LOCAL NOTE (RLIN)
Local note niveau_biblio:m niveau_hierar:0
700 1# - ADDED ENTRY--PERSONAL NAME
Personal name Gardner, Roy
700 1# - ADDED ENTRY--PERSONAL NAME
Personal name Vilà, Xavier
856 41 - ELECTRONIC LOCATION AND ACCESS
Uniform Resource Identifier <a href="https://www.biblioeco.unsa.edu.ar/pmb/images/libros/L127479.jpg">https://www.biblioeco.unsa.edu.ar/pmb/images/libros/L127479.jpg</a>
Link text Imagen de portada
Electronic format type image/jpeg
942 ## - ADDED ENTRY ELEMENTS (KOHA)
Koha item type
Existencias
Withdrawn status Lost status Damaged status Not for loan Home library Current library Shelving location Date acquired Total checkouts Full call number Barcode Date last seen Price effective from Koha item type
        Biblioteca Prof. Eusebio Cleto del Rey Biblioteca Prof. Eusebio Cleto del Rey   07/04/2026   519.83 G225 L127479 07/04/2026 07/04/2026 Libro